000
00210nam a2200097Ia 4500
008
190216s9999||||xx |||||||||||||| ||und||
100
_a
Dr.Elloway
245
0
_a
Julius Ceasar
260
_b
Macmillan
942
_c
BK
999
_c
12606
_d
12606